000 00472nam a2200181Ia 4500
005 20250326141358.0
008 250326s9999 xx 000 0 und d
037 _aTextbook
040 _aFMSL
_beng
_cFMSL
041 _aeng
_2eng
084 _qFMSL
100 _aMintzberg Henry
245 0 _aStructuring of organizations
_cMintzberg Henry
260 _aEnglewood
_bEnglewood, Prentice hall
_c1979
300 _a512p
942 _cTB
999 _c1290032
_d1290032